Les prénoms qui ont un sens initiale H - Statistiques

Statistiques générales
  • Ce quiz a été pris 60 fois
  • Le résultat moyen est 5 sur 20
Statistiques - réponses
Sens Sexe Prénom Célébrité ou Personnage % Correct
Pensée M Hugo Lloris
79%
Eclat du soleil F Hélène de Fougerolles
75%
Roi de la maison H Henri Troyat
66%
Intelligent H Hubert Védrine
55%
Bon chef d'armée H Herbert Léonard
45%
Protecteur H Helmut Kohl
40%
Glorieuse combattante F Héloïse Wagner
23%
Puissante F Hermine de Clermont-Tonnerre
21%
Grâce F Hanna Schygulla
17%
Chef des armées H Harald Schumacher
17%
Qui défie les chevaux F/M Hippolyte Taine
17%
Du jardin H Hortense Mancini
17%
Sage H Hakim Warrick
8%
Bon H Hassan Nasrallah
6%
Digne d'honneurs F Honorine Ploquet
6%
Bruyère F Heather Graham
2%
De bonne humeur H Hilaire Cuny
2%
Chef M Hilmir Ok
2%
Combattante F Hilda Simms
0%
Etoile F Hoshi Yoko
0%
Aucun quiz correspondant
Distribution des résultats
% des personnes avec chaque résultat
Percentile par nombre de réponses
Votre historique - résultats
Vous n’avez pas pris ce quiz